El Laboratorio antropológico / por Domingo Campillo Valero
Publicado:
San Jorge, núm. 92 (4rt trimestre 1973), pàg 49 - 51 :
MARC
| LEADER | 00000nam a2200000Ia 4500 | ||
|---|---|---|---|
| 001 | |||
| 008 | 160829s9999 xx 000 0 cat d | ||
| 100 | |a Campillo, Domènec |9 43449 | ||
| 245 | |a El Laboratorio antropológico / por Domingo Campillo Valero | ||
| 260 | |a San Jorge, núm. 92 (4rt trimestre 1973), pàg 49 - 51 | ||
| 610 | 2 | 0 | |a Instituto de Prehistoria y Arqueología (Barcelona, Catalunya) |9 54255 |
| 650 | |a Arqueologia |x Conservació i restauració |9 43451 | ||
| 901 | |a Arxiu | ||
| 942 | |n 1 | ||
| 952 | |0 0 |1 0 |4 0 |7 1 |9 51450 |a Arxiu |b Arxiu |d 2016-12-01 |l 0 |r 2016-12-01 00:00:00 |w 2016-12-01 |y ARXIU | ||
| 999 | |c 55294 |d 55294 | ||